Größte Länder des Britischen Weltreiches - Statistiken

Allgemein
  • Dieses Quiz wurde 374 mal gespielt
  • Das Durchschnittsergebnis liegt bei 8 aus 12
Antwortstatistiken
% km² Land % Korrekt
100 3,200,000 Indien
96%
100 10,000,000 Kanada
94%
100 7,700,000 Australien
92%
25 2,400,000 Vereinigte Staaten
86%
100 1,200,000 Südafrika
75%
100 890,000 Pakistan
67%
100 1,000,000 Ägypten
62%
100 1,900,000 Sudan
48%
100 920,000 Nigeria
47%
100 950,000 Tansania
43%
100 680,000 Myanmar
27%
100 750,000 Sambia
24%
Keine übereinstimmenden Quizze gefunden
Verteilung der Resultate
Anzahl Personen mit jedem Resultat
Perzentil nach korrekt beantworteten Fragen
Ihre Resultats-Entwicklung
Sie haben dieses Quiz noch nicht gespielt